| 000 | 00594nam a22002177a 4500 | ||
|---|---|---|---|
| 010 | _a138044 | ||
| 020 | _c25.00 | ||
| 035 | _a138044 | ||
| 037 | _bCen Lib / Ret | ||
| 040 |
_aDPL _bEN |
||
| 082 |
_a230.22 _bHAZ |
||
| 100 | _aHazra, R. C. | ||
| 245 |
_aStudies in the upapuranas / _cby R. C. Hazra |
||
| 260 |
_aCalcutta _bOriental Press |
||
| 270 |
_a9. Panchanan Ghose Lane _bCalcutta |
||
| 300 |
_a(v 1. 398p) _b24cm(Hb) |
||
| 505 | _av 1. Saura and Vaisnava Upapuranas ; | ||
| 650 | _aPuranas. | ||
| 650 | _aUpapurāṇa. | ||
| 942 |
_2ddc _cEN _h230.22 _mHAZ |
||
| 999 |
_c136804 _d136804 |
||